Madmen of history (Record no. 34220)

MARC details
000 -LEADER
fixed length control field 00264nam a2200109Ia 4500
082 ## - DEWEY DECIMAL CLASSIFICATION NUMBER
Classification number 929
Item number HOO
100 ## - MAIN ENTRY--AUTHOR NAME
Personal name Hook, Donald D
245 #0 - TITLE STATEMENT
Title Madmen of history
260 ## - PUBLICATION, DISTRIBUTION, ETC. (IMPRINT)
Place of publication New York
Name of publisher Jonathan David
Year of publication 1976
942 ## - ADDED ENTRY ELEMENTS (KOHA)
Koha item type Books
Holdings
Withdrawn status Lost status Damaged status Not for loan Home library Current library Date acquired Cost, normal purchase price Full call number Accession Number Koha item type
        RRII Library RRII Library 16/12/2021 86.55 929 HOO 14659 Books